[Event "Airthings Masters MCCT Prel 2022"]
[Site "Online"]
[Date "2022.02.13"]
[Round "4.2"]
[White "Ding, Liren"]
[Black "Le, Quang Liem"]
[Result "1-0"]
[WhiteElo "2799"]
[BlackElo "2709"]
[Annotator "TA"]
[PlyCount "97"]
[EventDate "2022.02.18"]
[EventType "tourn"]
[EventCountry "NET"]
[SourceTitle "playchess.com"]
[Source "ChessBase"]
[SourceQuality "1"]

{[%evp 9,97,32,27,0,0,0,0,10,20,17,22,21,20,7,24,18,23,35,23,21,39,35,40,40,48,
36,43,29,39,35,33,37,56,54,50,50,53,34,52,33,36,5,14,17,21,25,59,0,0,0,0,0,0,0,
0,0,0,0,0,0,0,0,0,0,12830,12829,12830,12829,12830,12831,12831,12832,12832,0,
12833,12833,12835,12834,12835,12835,12840,12839,12839,12839,12840,12840,12841,
12841,12841,12841]} 1. d4 Nf6 2. c4 e6 3. Nf3 d5 4. Nc3 dxc4 5. e4 Bb4 6. Bxc4
{Threatening 0-0. D24: Queen's Gambit Accepted: 3 Nf3 Nf6 4 Nc3.} Nxe4 7. O-O
Nxc3 8. bxc3 {The position is equal.} ({Reject} 8. Qb3 Nd5 9. Bxd5 Qxd5 $17)
8... Be7 9. Ne5 {[%mdl 1024] White has compensation.} O-O 10. Qg4 Nc6 11. Re1
f5 12. Qf3 Nxe5 13. Rxe5 Kh8 14. Bf4 Bd6 {[#] aiming for ...g5.} 15. Re3 Bxf4
16. Qxf4 Qd6 17. Qxd6 cxd6 18. Bxe6 f4 19. Ree1 Bxe6 20. Rxe6 $14 {[%mdl 4096]
Endgame KRR-KRR} Rac8 21. Rxd6 Rxc3 22. Rd7 {To avoid Rc7} f3 {[#]} 23. Re1
$146 ({Predecessor:} 23. Rxb7 fxg2 24. Rab1 Rd3 25. R1b3 Rxd4 26. Rxa7 h6 27.
Kxg2 Rdf4 28. f3 R8f6 29. Re7 {½-½ (35) Yilmaz,M (2624)-Macieja,B (2525) Rio
Achaea 2018}) 23... h6 24. Rxb7 Rc2 25. g4 (25. g3 $5 {[%cal Rb7a7]}) 25...
Rxa2 26. h3 Rc8 27. Rf7 Kg8 28. Ree7 ({White should play} 28. Rxf3 $14 Rc7 29.
Re8+ Kh7 30. Rff8) 28... Rc1+ $11 29. Kh2 Rxf2+ 30. Kg3 Rg2+ 31. Kh4 f2 $1 32.
Rxg7+ Kh8 33. Rh7+ Kg8 34. Reg7+ Kf8 35. Rxa7 {[%cal Rh7h8] [#]} Kg8 {Prevents
Rh8+.} (35... Rxg4+ $2 36. hxg4 Kg8 37. Rhg7+ Kh8 38. Rgf7 $18) 36. Rhg7+ Kh8
$2 {[%mdl 8192]} (36... Kf8 $11 37. Rgb7 Re1 38. Rf7+ Kg8 39. Rg7+ Kf8 40.
Rgf7+ Kg8 41. Rg7+ Kf8) 37. Rgb7 {Intending Ra8+ and mate.} ({Stronger than} 
37. Rgf7 Kg8 38. Rg7+ Kf8 39. Raf7+ Ke8 $11) 37... Rc8 {To avoid Ra8} 38. Rh7+
Kg8 39. Rag7+ Kf8 40. Rf7+ Kg8 41. Rhg7+ Kh8 42. Rg6 {White is clearly winning.
} Rc7 43. Rxh6+ Kg8 44. Rf5 Rf7 45. Rg6+ Kf8 46. Rgf6 Rxf6 47. Rxf6+ Ke7 48.
Rf5 Ke6 49. Kg5 {Weighted Error Value: White=0.06 (flawless) /Black=0.05 
(flawless)} 1-0

[Event "Airthings Masters MCCT Prel 2022"]
[Site "Online"]
[Date "2022.02.13"]
[Round "4.3"]
[White "Duda, Jan-Krzysztof"]
[Black "Praggnanandhaa R"]
[Result "1-0"]
[WhiteElo "2760"]
[BlackElo "2612"]
[Annotator "TA"]
[PlyCount "125"]
[EventDate "2022.02.18"]
[EventType "tourn"]
[EventCountry "NET"]
[SourceTitle "playchess.com"]
[Source "ChessBase"]
[SourceQuality "1"]

{[%evp 12,125,7,25,28,27,36,15,36,28,88,89,56,71,72,-19,65,0,17,0,17,23,43,0,
59,-4,0,14,70,37,97,86,172,171,179,179,168,175,178,163,179,165,156,164,219,203,
220,219,334,193,228,169,176,176,185,171,171,174,164,165,283,190,236,244,271,
197,371,397,474,463,596,596,564,577,577,575,1118,1079,1076,1041,1275,836,756,
723,1667,1573,1541,1412,1483,503,1646,1605,1379,1317,1314,1201,1050,989,29983,
29984,29984,29984,29984,29985,29985,29986,29986,29987,29987,29988,29988,29989,
29989,29990,29990,29991]} 1. e4 e5 2. Nf3 Nc6 3. Bc4 Bc5 4. d3 Nf6 5. c3 d6 6.
Bg5 h6 7. Bh4 a5 {C54: Giuoco Piano: 4 c3 Nf6, main lines with 5 d4 and 5 d3.}
8. Nbd2 Ba7 {[#]} 9. Bb3 $146 ({Predecessor:} 9. O-O g5 10. Bg3 O-O 11. a3 Nh7
12. Kh1 Kh8 13. b4 h5 14. b5 Ne7 15. Bxe5+ dxe5 16. Nxe5 {0-1 (34) Adhiban,B 
(2672)-Vidit,S (2727) Kolkata 2021}) 9... O-O {The position is equal.} 10. h3
g5 {[#]} (10... Kh8 $11 {keeps the balance.}) 11. Nxg5 $1 $16 hxg5 12. Bxg5 Kg7
13. f4 ({White should play} 13. Qf3 $1 $16) 13... Qe8 (13... exf4 $11 14. d4
Qe8) 14. f5 (14. Rf1 $1 $14) 14... Rh8 15. Qf3 {[%mdl 1024] White has
compensation.} Nb8 16. h4 Nbd7 17. g4 b5 $1 18. Nf1 (18. a3 $1 $14) 18... a4
19. Bc2 Bb7 (19... b4 $11) 20. Ng3 Qg8 ({Better is} 20... b4 $14) 21. Bd2 {
White now steadily converts the win.} Nxg4 22. Qxg4+ $18 Kf8 23. Qf3 f6 24. h5
Ke7 25. Rh4 {[%cal Bh1h4,Bh4g4,Bg4g6][%mdl 32]} Qf7 26. Rg4 Rag8 27. Rg6 d5 (
27... Bc6 $142 28. b3 Kd8) 28. b3 Bc6 29. Qg4 ({Don't take} 29. c4 $6 dxc4 30.
dxc4 bxc4 $16) 29... Nc5 (29... Kd8 {was necessary.} 30. h6 Bb6) 30. Ke2 (30.
bxa4 $142 {Black must now prevent Bh6.} bxa4 31. Bh6) 30... dxe4 31. Nxe4 {
Dancing on a razor blade.} Nxe4 32. dxe4 Be8 {Hoping for ...Qh7.} 33. Rh1 Qh7 {
[#]} 34. Rxg8 (34. bxa4 Bxg6 35. fxg6 {[#]} Rxg6 $1 36. Qxg6 Qxg6 37. hxg6 Rxh1
$15) 34... Rxg8 35. Qf3 axb3 (35... Rh8 $142) 36. axb3 Bf7 (36... Rh8 $142) 37.
h6 {[%cal Bh5h6,Bh6h7][%mdl 32]} Bc5 38. Be3 Bd6 (38... Bxe3 {is a better
defense.} 39. Qxe3 (39. Kxe3 Rh8 $18) 39... Kd7) 39. Ra1 Qh8 40. Qh3 Ra8 41.
Rxa8 Qxa8 42. h7 Qh8 43. Bh6 {[%cal Oh6g7] And now Bg7! would win.} Bc5 44. b4
Bb6 45. Kd2 Kd7 46. Be3 Bxe3+ 47. Kxe3 Ke7 48. Kd2 Kf8 49. Qh6+ ({Not} 49. Bd3
Kg7 $16) 49... Ke7 50. Bd3 (50. Kc1 $142 Bc4 51. Kd2) 50... c6 (50... Be8 $142
51. c4 c6) 51. Kc1 Be8 52. Bc2 {White threatens Kb2 and mate.} Bf7 53. Kb2 {
Bb3 would kill now.} Bc4 54. Bb3 {Threatening mate with Bxc4.} Bxb3 55. Kxb3 {
KQ-KQ. White mates.} Kf7 56. Qg6+ Kf8 57. Kc2 Qg7 58. Kd3 Qh8 59. Ke2 Qg7 60.
Kf3 Qh8 61. Kg4 Qg7 62. Kh5 Qh8 63. Kh6 {Weighted Error Value: White=0.26 
(precise) /Black=0.52} 1-0

[Event "Airthings Masters MCCT Prel 2022"]
[Site "Online"]
[Date "2022.02.13"]
[Round "4.4"]
[White "Aronian, Levon"]
[Black "Niemann, Hans Moke"]
[Result "0-1"]
[WhiteElo "2772"]
[BlackElo "2642"]
[Annotator "TA"]
[PlyCount "126"]
[EventDate "2022.02.18"]
[EventType "tourn"]
[EventCountry "NET"]
[SourceTitle "playchess.com"]
[Source "ChessBase"]
[SourceQuality "1"]

{[%evp 10,126,22,0,14,9,10,0,0,0,0,-7,0,-12,0,-7,13,16,14,0,0,0,0,0,0,0,0,0,0,
-21,0,0,10,11,7,7,7,0,0,4,2,0,0,-12,-10,-22,-26,-18,-23,-20,0,-66,-39,-43,-45,
-44,-44,-141,-133,-150,-150,-146,-150,-217,-212,-339,-295,-338,-242,-568,-538,
-524,-427,-570,-536,-616,-580,-2376,-1591,-2376,-2376,-2376,-2361,-1924,-417,
-2361,-2191,-1152,-2283,-6048,-5600,-2922,-948,-12834,-409,-12830,-12836,
-12840,-12830,-12822,-12822,-29974,-29974,-29976,-29977,-29974,-29965,-29964,
-29964,-29974,-12359,-29979,-29980,-29981,-29982,-29982,-29983,-29983,-29983]} 
1. e4 e5 2. Nf3 Nc6 3. Bc4 Nf6 4. d3 Bc5 5. Nc3 (5. O-O d6 6. c3 O-O 7. Re1 h6
8. Nbd2 a6 9. a4 Ba7 10. Nf1 Re8 11. Ng3 Be6 12. Bxe6 Rxe6 13. b4 d5 14. Qc2 d4
15. b5 Ne7 16. cxd4 Bxd4 17. Nxd4 Qxd4 {1-0 (42) Aronian,L (2782)-Niemann,H 
(2638) Riga 2021}) 5... h6 6. h3 a6 {C50: Hungarian Defence and Giuoco
Pianissimo.} 7. a4 d6 8. Be3 Bxe3 {The position is equal.} 9. fxe3 Be6 10. b3
O-O 11. O-O {[#]} Re8 $1 $146 {[%mdl 8] A relevant novelty.} ({Predecessor:} 
11... d5 12. exd5 Nxd5 13. Qd2 Nxc3 14. Qxc3 Qd6 15. Nd2 f5 16. Bxe6+ Qxe6 17.
Qc4 Qxc4 18. bxc4 {½-½ (51) Carlsen,M (2865)-Vidit,S (2727) Wijk aan Zee 2022
}) 12. Qd2 Ne7 13. Bxe6 fxe6 14. d4 Ng6 15. Qf2 Kh7 16. Rad1 Qe7 {[%cal Ob7b5]}
17. Qg3 {[%cal Rd4e5]} exd4 18. exd4 e5 19. Kh2 Rf8 20. dxe5 dxe5 21. Nd5 Nxd5
22. Rxd5 c6 23. Rd2 Rad8 24. Rxd8 Rxd8 25. Qg4 Rf8 {[%cal Bd8f8,Bf8f4,Bf4e4,
Be4e2,Be2e3,Be3b3][%mdl 32]} 26. Rd1 Rf4 27. Qd7 Rxe4 28. Qxe7 Nxe7 $11 {
[%cal Bg6e7,Be7f5,Bf5d4,Bd4c2][%mdl 4128] Endgame KRN-KRN} 29. Rd7 {[%csl LRb7,
LRe7]} Nf5 30. g4 ({White should play} 30. Rxb7 $11 Re2 31. c3) 30... Re2+ 31.
Kg1 Nd4 32. Nxe5 Nxc2 33. Nf3 {Black converts the advantage convincingly.} (33.
Nf7 $15) 33... Re3 $17 {[%csl LRb3,LRf3]} 34. Nh4 Rxb3 ({Stronger than} 34...
Rxh3 35. Nf5 $17) 35. Nf5 Kg6 36. h4 (36. Rxg7+ $17 Kf6 37. Rh7) 36... Ne3 $19
37. h5+ (37. Ne7+ $142 Kf6 38. Ng8+ Ke5 39. Rxg7) 37... Kf6 38. Nxe3 Rxe3 39.
Rxb7 $2 {[#] KR-KR} (39. g5+ hxg5 40. Rxb7) 39... Rg3+ 40. Kf2 Rxg4 41. Rb6
Rxa4 42. Rxc6+ Kg5 43. Rg6+ Kxh5 44. Rxg7 a5 {[%cal Ba6a5,Ba5a4][%mdl 32]} 45.
Kf3 Rb4 46. Ra7 Rb5 (46... a4 $142 {aiming for ...Kh4.} 47. Ra6 Rb3+ 48. Ke2 a3
) 47. Rg7 (47. Ra6 $142 Rb3+ 48. Ke2) 47... Rf5+ 48. Ke4 Rg5 49. Rh7 a4 {
[#] ( -> ...Ra5)} 50. Ra7 {Prevents Ra5.} Rg4+ (50... Kh4 $142 51. Ra8 h5) 51.
Kf3 Rb4 (51... Kh4 $142 52. Kf2 h5) 52. Ra5+ (52. Kg3 $142 Kg6 53. Kf3) 52...
Kh4 53. Rc5 h5 54. Ra5 Rg4 55. Ke2 Rf4 56. Ke3 Kg4 57. Ra8 Rb4 58. Rg8+ Kh3 59.
Kf3 Rb3+ (59... a3 $142 60. Rg3+ Kh4 61. Rg6 Ra4 62. Rg1 a2 63. Rh1+ Kg5 64.
Rg1+ Kf5 65. Ra1 h4 66. Kg2 Ra3 67. Kf1 Kf4 68. Kg2 Ke5 69. Kh1 Kd4 70. Kh2 Kc3
71. Kg2 Kb2 72. Rf1 a1=Q 73. Rxa1 Kxa1 74. Kh2 Kb1 75. Kg1 Kc2 76. Kh2 Kd2 77.
Kg1 Ke2 78. Kg2 Ra1 79. Kh3 Kf3 80. Kxh4 Ra5 81. Kh3 Rh5#) 60. Kf2 a3 {Black
mates.} 61. Rg5 h4 {[%cal Bh5h4,Bh4h3][%mdl 32]} 62. Ra5 Kh2 63. Ra4 h3 {
Weighted Error Value: White=0.73/Black=0.21 (precise)} 0-1

[Event "Airthings Masters MCCT Prel 2022"]
[Site "Online"]
[Date "2022.02.13"]
[Round "4.5"]
[White "Mamedyarov, Shakhriyar"]
[Black "Keymer, Vincent"]
[Result "0-1"]
[WhiteElo "2767"]
[BlackElo "2664"]
[Annotator "TA"]
[PlyCount "100"]
[EventDate "2022.02.18"]
[EventType "tourn"]
[EventCountry "NET"]
[SourceTitle "playchess.com"]
[Source "ChessBase"]
[SourceQuality "1"]

{[%evp 26,100,27,0,0,0,0,0,0,-18,-22,-27,5,-35,-48,-44,-44,-36,-37,-47,-71,
-115,-112,-154,-142,-212,-222,-228,-217,-287,-279,-389,-394,-386,-363,-435,
-406,-451,-235,-360,-334,-418,-375,-360,-355,-318,-324,-309,-315,-524,-373,
-403,-373,-376,-325,-446,-454,-569,-564,-542,-464,-460,-448,-1588,-456,-1468,
-1400,-1043,-397,-1061,-1037,-29996,-1729,-29996,-29997,-29998,-29999]} 1. d4
Nf6 2. c4 e6 3. Nf3 d5 4. Nc3 c5 5. cxd5 Nxd5 6. e4 Nxc3 7. bxc3 cxd4 8. cxd4
Bb4+ 9. Bd2 Bxd2+ 10. Qxd2 O-O 11. Bc4 Nd7 12. O-O b6 13. Rfe1 Bb7 14. Rad1 Rc8
{D41: Queen's Gambit Declined: Semi-Tarrasch with 5 cxd5.} 15. Bb3 h6 16. Qf4
Qc7 {The position is equal.} 17. Qh4 Nf6 18. Ne5 Rfd8 19. f3 b5 20. Qf2 a5 {
...a4 is the strong threat.} 21. a4 b4 {[#]} 22. h4 $146 {[%cal Od1c1]} ({
Predecessor:} 22. Nc4 Ba6 23. Rc1 Bxc4 24. Rxc4 Qa7 25. Rec1 Rxc4 26. Rxc4 Nd7
27. Rc6 Nf6 28. Rc5 {1-0 (48) Sinanan,J (2249)-Katz,B (2128) ICC INT 2009})
22... Nd7 23. Ng4 {Black continues to play with concentration.} (23. Nxd7 $142
Qxd7 24. d5 exd5 25. exd5) 23... Qf4 $17 24. g3 (24. Qe3 $142 Qg3 25. Qf2 Qxf2+
26. Kxf2) 24... Qb8 25. Re3 (25. Rc1 $17 {was worth a try.}) 25... Ba6 $19 26.
f4 h5 27. f5 {[%cal Of5e6]} Bc4 ({Inferior is} 27... hxg4 28. fxe6 fxe6 29.
Bxe6+ Kh8 30. Qf5 $11) 28. Nh2 Bxb3 29. Rxb3 exf5 30. Qxf5 Rc3 31. Rb2 Nf8 ({
Don't go for} 31... Qxg3+ $2 32. Rg2 Qe3+ 33. Rf2 $19) (31... Rxg3+ $142 32.
Kh1 Nf6) 32. Kh1 (32. Nf1 {only move.} Qa7 33. Kg2) 32... Rxg3 33. Qxa5 {[#]}
Qf4 $1 {[%mdl 512]} 34. Qf5 Qxh4 {White must now prevent ...g6.} 35. Rf1 Qe7 ({
Wrong is} 35... Rxd4 $2 36. Qxf7+ Kh7 37. Qf4) 36. Nf3 g6 37. Qa5 (37. Qf4 Rh3+
38. Kg2) 37... b3 {[%cal Od8d4]} 38. Kh2 Rg4 39. Qe5 Qd7 40. Rxb3 Re8 41. Qd5
Qc7+ 42. Kh1 Qg3 {[%csl Gg4][%cal Rg3g2]} 43. Rb2 {To avoid Qg2+} Rf4 {
Threatens to win with ...Qh3+.} 44. e5 (44. Rbf2 $142) 44... Ne6 (44... Qh3+
$142 45. Rh2 Qxf1+ 46. Ng1 Rg4) 45. Rg2 (45. Nh2 $142 Rxf1+ 46. Nxf1) 45...
Qh3+ 46. Kg1 {[#]} Rd8 $2 (46... Nxd4 $1 {[%mdl 512]} 47. e6 (47. Nh2 Qe3+)
47... Nxf3+ 48. Rxf3 Qxf3 49. exf7+ Rxf7 50. Qxf3 Rxf3 51. Rxg6+ Kh7) 47. Qb7 (
47. Qb3) 47... Nxd4 48. Qb6 Rd7 (48... Nxf3+ $142 49. Kf2 Nd2+ 50. Ke2 Qd3+ 51.
Ke1 Rxf1#) 49. e6 Nxf3+ 50. Rxf3 Rd1+ {Weighted Error Value: White=1.02/
Black=0.56} 0-1

[Event "Airthings Masters MCCT Prel 2022"]
[Site "Online"]
[Date "2022.02.13"]
[Round "4.6"]
[White "Giri, Anish"]
[Black "Kosteniuk, Alexandra"]
[Result "1-0"]
[WhiteElo "2772"]
[BlackElo "2516"]
[Annotator "TA"]
[PlyCount "131"]
[EventDate "2022.02.18"]
[EventType "tourn"]
[EventCountry "NET"]
[SourceTitle "playchess.com"]
[Source "ChessBase"]
[SourceQuality "1"]

{[%evp 18,131,25,18,5,0,16,11,52,42,59,48,68,39,39,41,118,100,77,30,29,33,26,0,
6,0,0,0,0,0,0,-6,0,0,0,0,0,0,0,-9,0,0,7,0,31,0,43,39,34,35,37,32,74,0,85,83,
131,123,150,141,114,99,106,33,32,36,59,59,63,61,63,63,58,0,0,0,0,0,44,24,30,20,
11,16,43,59,79,22,211,248,336,331,312,291,479,425,485,458,360,356,362,310,282,
289,352,146,483,70,503,464,483,294,580,568,765,744]} 1. e4 e5 2. Nf3 Nc6 3. Bb5
a6 4. Ba4 Nf6 5. O-O Be7 6. d3 b5 7. Bb3 d6 8. a4 b4 9. a5 {9.a5 has become a
bit dusty these days.} O-O 10. Nbd2 Be6 {C84: Closed Ruy Lopez: Unusual White
6th moves.} 11. Nc4 Nd7 12. Be3 Bg4 {[#]} (12... Bf6 $11) 13. h3 $146 ({
Predecessor:} 13. c3 bxc3 14. bxc3 Kh8 15. h3 Bxf3 16. Qxf3 Bg5 17. Qg3 Bxe3
18. Nxe3 Ne7 19. Bc4 {1-0 (26) Gijsen,S (2194)-Finke,D (1987) Dortmund 2017})
13... Bh5 14. g4 Bg6 15. Kh2 {White is more active.} Kh8 16. Rg1 Nc5 (16... Na7
$14) 17. Bxc5 $16 dxc5 18. Kh1 ({But not} 18. Ncxe5 $2 Bd6 19. Kg2 (19. d4 $2
cxd4 20. Kg2 Nxe5 $19) 19... Nxe5 $19) ({Much worse is} 18. Nfxe5 Nxe5 19. Nxe5
Bd6 $11) (18. Ba4 $16 Nd4 19. Nfxe5) 18... f6 $11 19. Ne3 Nd4 20. Nxd4 cxd4 21.
Nf5 Bf7 22. Qd2 c5 23. Bxf7 Rxf7 24. b3 Bf8 25. Ng3 Rb8 26. f4 exf4 27. Qxf4
Bd6 28. Qf3 Qe8 29. Nf1 Qe5 30. Rg2 {[%cal Bg1g2,Bg2f2,Bf2f3][%mdl 32]} Qf4 31.
Rf2 Qxf3+ (31... Qh6 $11) 32. Rxf3 $14 g6 33. Nd2 Kg7 $1 34. Nc4 Bc7 35. h4 (
35. Kg2 $16) 35... Rbf8 (35... h5 $1 $11 36. gxh5 Rh8) 36. Raf1 $16 Bd8 (36...
h5 $142) 37. Kg2 Be7 38. Kh3 Bd8 39. Nd6 Re7 40. g5 (40. Kg2 $16) 40... Re6 $1
$14 41. Nc4 {[%cal Oc4b6]} Be7 42. Kg4 h5+ 43. gxh6+ $1 Kxh6 44. Rh1 {Strongly
threatening h5.} Rg8 $1 {[%cal Of6f5]} 45. Kh3 ({White should play} 45. Rg3 $14
) 45... Bd8 $11 46. Rhf1 Rh8 47. Kg4 {[%cal Oh4h5]} Kg7 (47... Rf8 $11 {
might be stronger.}) 48. Rh3 $1 $14 Rh5 {[#]} 49. Rf5 $1 gxf5+ 50. exf5 Re2 51.
Kxh5 {aiming for Rg3+.} Rxc2 {[%mdl 4096] Endgame KRB-KRN} 52. Rg3+ (52. Rh1 $1
$16 {[%cal Rh1e1]}) 52... Kh7 $2 (52... Kf7 $11 {and Black is okay.}) 53. Rg1
$1 $18 {Hoping for Re1.} Re2 {Inhibits Re1.} (53... Rc3 $2 54. Re1 $18) 54. Kg4
$1 Bc7 55. Kf3 {Prevents Rf2+.} Re8 (55... Rc2 56. Re1 Be5 57. Nxe5 fxe5) 56.
h5 Bd8 57. Rg6 Re1 {[#]} 58. h6 $1 Re8 59. Rg7+ Kxh6 60. Ra7 Kg5 {[#]} 61. Rxa6
(61. Ra8 $1 $18 {is the precise move to win. Rc8 is the strong threat.} Rh8 62.
Ke4) 61... Bc7 $2 {[%mdl 8192]} (61... Re7 $16 {is a better chance.} 62. Rc6
Bxa5) 62. Rc6 $2 ({White should try} 62. Ra7 $18 Bf4 63. Rg7+ Kxf5 64. a6)
62... Bf4 {[%mdl 8192]} (62... Bxa5 $1 $14 63. Nxa5 Re3+ 64. Kf2 Kxf5) 63. Rxc5
Rh8 64. a6 Rh3+ $2 (64... Ra8 {keeps fighting.} 65. Ra5 Bc7) 65. Ke4 Rh4 66.
Rc8 {Weighted Error Value: White=0.29 (precise) /Black=0.49} 1-0

[Event "Airthings Masters MCCT Prel 2022"]
[Site "Online"]
[Date "2022.02.13"]
[Round "4.7"]
[White "Carlsen, Magnus"]
[Black "Nepomniachtchi, Ian"]
[Result "0-1"]
[WhiteElo "2865"]
[BlackElo "2773"]
[Annotator "TA"]
[PlyCount "136"]
[EventDate "2022.02.18"]
[EventType "tourn"]
[EventCountry "NET"]
[SourceTitle "playchess.com"]
[Source "ChessBase"]
[SourceQuality "1"]

{[%evp 15,136,-28,9,0,-8,-13,-9,-17,-20,-13,0,0,81,76,81,76,79,75,68,72,82,79,
71,-43,-46,-38,-38,-35,-10,-85,-86,-113,-68,-70,-66,-69,-73,-62,-73,-83,-69,
-63,-68,-87,-23,-41,-27,-22,-29,-33,0,-13,-6,-10,-10,-10,-12,-8,0,0,0,-20,-20,
-21,-24,-25,-26,-112,-122,-91,-25,-31,-12,-22,-19,-23,-24,-37,-37,-40,-40,-40,
-40,-56,-52,-52,-51,-46,-45,-45,-38,-38,-38,-38,-38,-62,-52,-106,-62,-54,-54,
-92,-92,-276,-101,-179,-79,-79,-79,-218,-179,-198,-179,-181,-137,-138,-138,
-138,-94,-2092,-2034,-1379,-1270]} 1. d4 Nf6 2. c4 e6 3. Nf3 d5 4. g3 Be7 5.
Bg2 O-O 6. O-O dxc4 7. Na3 (7. Qc2 b5 8. Ne5 c6 9. a4 Nd5 10. Nc3 f6 11. Nf3
Qd7 12. e4 Nb4 13. Qe2 Nd3 14. e5 Bb7 15. exf6 Bxf6 16. Ne4 Na6 17. Ne5 Bxe5
18. dxe5 Nac5 {½-½ (58) Carlsen,M (2855)-Nepomniachtchi,I (2782) Dubai 2021})
7... Bxa3 8. bxa3 Bd7 (8... b5 $5 {[%cal Rc8b7]}) 9. a4 {E05: Open Catalan: 5
Nf3 Be7.} Bc6 10. Ba3 Re8 11. Qc2 {The position is equal.} Nbd7 12. Rac1 {[#]}
Bd5 $146 ({Predecessor:} 12... a6 13. Qxc4 Nb6 14. Qc3 Nxa4 15. Qb3 Qd5 16.
Rxc6 Qxc6 17. Ne5 Qb5 18. Qc2 Nd5 {1-0 (36) Carlsen,M (2865)-Giri,A (2772)
Wijk aan Zee 2022}) 13. Rfe1 Rc8 (13... a5 $11 {remains equal.}) 14. e4 $16 {
[%mdl 1024] White has strong compensation.} Bc6 15. Nd2 c3 16. Nb1 Nb6 {
[%csl LRa4,LRd4]} 17. a5 $1 Na4 18. Nxc3 Qxd4 19. Nxa4 (19. e5 $1 $16 {
Strongly threatening Bxc6.} Bxg2 20. Qxa4 Qxa4 21. Nxa4) 19... Qxa4 $15 20.
Qxa4 Bxa4 21. Bb2 b6 22. Bf1 (22. Bxf6 $11 gxf6 23. e5) 22... c5 $17 (22...
bxa5 23. Rc5 $11) 23. f3 Red8 (23... bxa5 $6 24. Re3 $11) (23... b5 $17 24. Re2
Red8) 24. Ba6 $15 Rc6 25. Be5 Nd7 {[%cal Bf6d7,Bd7f8,Bf8e6][%mdl 32]} 26. Bf4
e5 27. Be3 Rd6 28. Rb1 Nf8 29. f4 Bc2 (29... Nd7 $17) 30. fxe5 Rg6 31. Rb2 Bxe4
32. Rf1 Rd7 33. e6 Nxe6 (33... Rxe6 $5 34. Bc8 h6 $11) 34. axb6 axb6 $40 {
[%mdl 128] Black mounts an attack.} 35. Rxb6 h5 {[%cal Bh7h5,Bh5h4][%mdl 32]}
36. Bc4 {This bishop pair is nice.} h4 37. Bxe6 fxe6 38. Rb8+ Kh7 39. Rf4 Rd1+
40. Kf2 Rf6 41. Bxc5 (41. Rxf6 $11 {keeps the balance.} gxf6 42. Bxc5) 41...
Rxf4+ $1 $17 42. gxf4 $11 {[%mdl 4096] Endgame KRB-KRB} Bd5 ({Black should play
} 42... Rh1 $1 $17 {[%cal Rh1h2]} 43. Ke3 Bg2) 43. Rb2 Rd3 44. Ke1 Kg6 45. a4
Rc3 46. Bd6 Rc1+ 47. Kd2 Ra1 48. Be5 Rxa4 49. Rb1 Ra2+ 50. Rb2 Ra7 51. Rb1 Kf5
52. Ra1 Rd7 53. Rg1 {Inhibits g5. Intending Ke3 and mate.} Bg2+ 54. Ke3 h3 55.
Bd4 Rb7 56. Rc1 {[#]} (56. Re1 $15) 56... Bd5 (56... g6 $1 $17 57. Rc8 (57.
Rc5+ Bd5 $17) 57... Rb3+ 58. Bc3 Ra3 59. Rf8+ Kg4) 57. Rg1 {[%csl Gf4][%cal
Rg1g5]} Rb3+ 58. Kd2 g6 59. Rg5+ $2 (59. Bc3 $17) 59... Ke4 $2 (59... Kxf4 $19
{and Black stays clearly on top.} 60. Rg1 g5 61. Rf1+ Ke4) 60. Be5 {[#]} (60.
Bg1 $17) 60... Rf3 (60... Ra3 $1 $19 {[%cal Ra3a2] has better winning chances.
Hoping for ...Ra2+.} 61. Bb2 Rf3) 61. Ke1 $17 Bc4 62. Rxg6 (62. Rg1 $17 {
was necessary.}) 62... Rf1+ $19 63. Kd2 Rf2+ 64. Kc3 Bd5 ({Inferior is} 64...
Rxh2 65. Kxc4 Rh1 66. Rxe6 $11 (66. Rh6 h2 $11)) (64... Ba2 $19 65. Bb8 Rxh2)
65. Rh6 $17 Rxh2 {And now ...Ra2 would win.} 66. Kb4 Kf5 (66... Ba8 $142 {
White must now prevent ...Rh1.} 67. Rxe6 Rc2) 67. Kc5 $2 {[%mdl 8192]} (67.
Rf6+ $17 Ke4 68. Rh6) 67... Rc2+ $19 68. Kd6 h2 {Weighted Error Value: White=0.
19 (very precise) /Black=0.18 (very precise)} 0-1